LEADER 01505nas 2200505- 450 001 9910617322003321 005 20211227213022.0 011 $a2573-3400 035 $a(OCoLC)988610085 035 $a(CKB)4100000001719233 035 $a(CONSER)--2017200435 035 $a(EXLCZ)994100000001719233 100 $a20170601b20182021 o-- a 101 0 $aeng 135 $aur||||||||||| 181 $ctxt$2rdacontent 182 $cc$2rdamedia 183 $acr$2rdacarrier 200 00$aJournal of caffeine and adenosine research 210 1$aNew Rochelle, N.Y. :$cMary Ann Liebert, Inc.,$d[2018]-[2021] 215 $a1 online resource 300 $aRefereed/Peer-reviewed 311 $a2573-3397 531 0 $aJ. caffeine adenosine res. 606 $aCaffeine 606 $aAdenosine 606 $aSleep Deprivation$xchemically induced 606 $aCognition$xdrug effects 606 $aBehavior$xdrug effects 606 $aCaffeine$xResearch$vPeriodicals 606 $aAdenosine$xResearch$vPeriodicals 608 $aPeriodical. 608 $aPeriodicals.$2fast 615 12$aCaffeine. 615 12$aAdenosine. 615 22$aSleep Deprivation$xchemically induced. 615 22$aCognition$xdrug effects. 615 22$aBehavior$xdrug effects. 615 0$aCaffeine$xResearch 615 0$aAdenosine$xResearch 676 $a613.8 906 $aJOURNAL 912 $a9910617322003321 996 $aJournal of caffeine and adenosine research$92952998 997 $aUNINA LEADER 01792oam 2200577I 450 001 9910711482903321 005 20181126105221.0 035 $a(CKB)5470000002483209 035 $a(OCoLC)956628421$z(OCoLC)401825176$z(OCoLC)1008999512$z(OCoLC)1045540343 035 $a(EXLCZ)995470000002483209 100 $a20160813d1991 ua 0 101 0 $aeng 135 $aur||||||||||| 181 $ctxt$2rdacontent 182 $cc$2rdamedia 183 $acr$2rdacarrier 200 10$aFlora of Dominica$hPart 2$iDicotyledoneae /$fDan H. Nicolson, with Robert A. DeFilipps, Alice C. Nicolson, and others 210 1$aWashington, D.C. :$cSmithsonian Institution Press,$d1991. 215 $a1 online resource (iii, 274 pages) 225 1 $aSmithsonian contributions to botany ;$vnumber 77 320 $aIncludes bibliographical references (pages 230-249) and index. 606 $aDicotyledons$zDominica 606 $aDicotyledons$zDominica$vIdentification 606 $aDicotyledons$zDominica$vClassification 606 $aBotany$zDominica 606 $aBotany$2fast 606 $aDicotyledons$2fast 607 $aDominica$2fast 615 0$aDicotyledons 615 0$aDicotyledons 615 0$aDicotyledons 615 0$aBotany 615 7$aBotany. 615 7$aDicotyledons. 700 $aNicolson$b Dan H$g(Dan Henry),$f1933-2016,$01388963 702 $aDeFilipps$b Robert A. 702 $aNicolson$b Alice C. 712 02$aSmithsonian Institution.$bPress, 801 0$bOCLCE 801 1$bOCLCE 801 2$bMUU 801 2$bCUS 801 2$bOCLCF 801 2$bOCLCQ 801 2$bOCLCA 801 2$bINARC 801 2$bGPO 906 $aBOOK 912 $a9910711482903321 996 $aFlora of Dominica$93446945 997 $aUNINA LEADER 02973 am 2200625 n 450 001 9910551851503321 005 20211027 010 $a979-1-03-510724-6 024 7 $a10.4000/books.psorbonne.94132 035 $a(CKB)4100000012704648 035 $a(FrMaCLE)OB-psorbonne-94132 035 $a(oapen)https://directory.doabooks.org/handle/20.500.12854/86028 035 $a(PPN)261977059 035 $a(EXLCZ)994100000012704648 100 $a20220309j|||||||| ||| 0 101 0 $afre 135 $auu||||||m|||| 181 $ctxt$2rdacontent 182 $cc$2rdamedia 183 $acr$2rdacarrier 200 14$aLes présents de l?historien /$fPatrick Garcia 210 $aParis $cÉditions de la Sorbonne$d2021 215 $a1 online resource (222 p.) 225 1 $aItinéraires 311 $a2-85944-780-6 330 $aCe texte retrace une série de présents successifs traversés au cours d?un cheminement qui va de l?engagement politique à l?étude des usages politiques du passé ou encore à celle de l?écriture de l?histoire et de son enseignement, mais ce cheminement n?a rien d?une trajectoire nécessaire. Bien sûr en raison de la façon dont le récit de ces présents est construit, comme de son premier destinataire ? un jury universitaire ?, il ne peut que procéder d?une mise en cohérence a posteriori. J?ai toutefois tenté de laisser à la contingence, au hasard, aux rencontres, leur juste place. Mes lieux d?histoire ont été le plus souvent des lieux institutionnellement faibles comme les IUFM, ou des lieux choisis en marge de l?institution comme la revue Espaces Temps ou bien encore le « DDG » ? l?attelage que nous formons depuis près de quinze ans avec Christian Delacroix et François Dosse ?, mais j?avoue avoir toujours trouvé en m?investissant dans ces périphéries une liberté qui me convient. Au fil des pages j?ai donc tâché, de bon gré, persuadé que l?exercice m?était profitable, d?ouvrir ma boîte à outils, de montrer les articulations d?un parcours et les ressorts d?un faire de l?histoire. 606 $aHistory 606 $aFrance 606 $ahistoire 606 $ahistoriographie 606 $arécit personnel 606 $ahistorien 606 $aétude et enseignement 606 $aégo-histoire 610 $aFrance 610 $ahistoire 610 $ahistoriographie 610 $arécit personnel 610 $ahistorien 610 $aétude et enseignement 610 $aégo-histoire 615 4$aHistory 615 4$aFrance 615 4$ahistoire 615 4$ahistoriographie 615 4$arécit personnel 615 4$ahistorien 615 4$aétude et enseignement 615 4$aégo-histoire 700 $aGarcia$b Patrick$0144673 801 0$bFR-FrMaCLE 906 $aBOOK 912 $a9910551851503321 996 $aLes présents de l?historien$93020188 997 $aUNINA